=LDR 00000nam 2200000 4500 =001 INLIS000000000051720 =005 20211108021932 =035 ##$$a 0010-1017000159 =007 ta =008 211108################g##########0#ind## =082 ##$$a 370.1 =084 ##$$a 370.1 IND p =100 #$$a Indrakusuma, Amir Daien =245 1#$$a Pengantar ilmu pendidikan : $b Sebuah tinjauan teoritis filosofis /$c Drs. Amir Daien Indrakusuma =260 ##$$a Surabaya :$b Usaha Nasional,$c 1973 =300 ##$$a 218 hlm ; $c 21 x 14 cm. =650 #4$$a Pengantar - Ilmu Pendidikan =990 ##$$a 01201712795 =990 ##$$a 10310514